00435nam a2200157Ia 4500008004100000020001400041082001500055100001900070245001700089250000700106260004500113300002900158500001900187600002100206650005000227240925s9999 xx 000 0 und d a136365728 a005.72 VIN aVint ,Danny R. 0aSGML At Work aNA aNew Jersey:bPrintice- Hall Int.c,1999. axvi,8445p.bNAfOriginal aIncludes Index aComputer Science aComputer science, information & general works